Normal view
MARC view
Entry Topical Term
001 - CONTROL NUMBER
- control field: 14752
003 - CONTROL NUMBER IDENTIFIER
- control field: BD-RjUL
005 - DATE AND TIME OF LATEST TRANSACTION
- control field: 20250102121700.0
008 - FIXED-LENGTH DATA ELEMENTS
- fixed length control field: 250102|| aca||aabn | a|a d
040 ## - CATALOGING SOURCE
- Original cataloging agency: BD-RjUL
- Transcribing agency: BD-RjUL
150 ## - HEADING--TOPICAL TERM
- Topical term or geographic name entry element: Libraries
- Geographic subdivision: Southeast Asia
670 ## - SOURCE DATA FOUND
- Source citation: Work cat.: (BD-RjUL)84569: Wijasuriya, D. E. K. 14751, The barefoot librarian :, 1975.